MoMA/ (Record no. 4014)

MARC details
000 -LEADER
campo de control de longitud fija 01170nam a22003257a 4500
003 - IDENTIFICADOR DE NÚMERO DE CONTROL
campo de control OSt
005 - FECHA Y HORA DE LA ÚLTIMA TRANSACCIÓN
campo de control 20230712084640.0
008 - DATOS DE LONGITUD FIJA--INFORMACIÓN GENERAL
campo de control de longitud fija 221006b |||||||| |||| 00| 0 eng d
040 ## - FUENTE DE CATALOGACIÓN
Centro/agencia transcriptor Biblioteca Lado V
082 ## - NÚMERO DE LA CLASIFICACIÓN DECIMAL DEWEY
Número de clasificación 700
Número de ítem H225m
100 ## - ENTRADA PRINCIPAL--NOMBRE DE PERSONA
9 (RLIN) 881
Nombre de persona Hammond, Anna
Término indicativo de función/relación editor
245 ## - MENCIÓN DEL TÍTULO
Título MoMA/
260 ## - PUBLICACIÓN, DISTRIBUCIÓN, ETC.
Fecha de publicación, distribución, etc. 1993
Nombre del editor, distribuidor, etc. The Museum of Modern Art
Lugar de publicación, distribución, etc. New York
300 ## - DESCRIPCIÓN FÍSICA
Dimensiones 21.5x27.5cm
Extensión 21p.
490 ## - MENCIÓN DE SERIE
Designación de volumen o secuencia 1993
Número Internacional Normalizado para Publicaciones Seriadas 0893-0279
Mención de serie summer
505 ## - NOTA DE CONTENIDO CON FORMATO
Nota de contenido con formato Latin American Artists of the Twentieth Century
505 ## - NOTA DE CONTENIDO CON FORMATO
Nota de contenido con formato Diego Rivera's Dream of a Sunday Afternoon in the Alameda Park
505 ## - NOTA DE CONTENIDO CON FORMATO
Nota de contenido con formato Preview: The Tokyo International Forum by Rafael Viñoly Architects
505 ## - NOTA DE CONTENIDO CON FORMATO
Nota de contenido con formato Reinstallation of the Painting and Sculpture Galleries
505 ## - NOTA DE CONTENIDO CON FORMATO
Nota de contenido con formato From the Archives
505 ## - NOTA DE CONTENIDO CON FORMATO
Nota de contenido con formato In Brief
505 ## - NOTA DE CONTENIDO CON FORMATO
Nota de contenido con formato Members Programs
505 ## - NOTA DE CONTENIDO CON FORMATO
Nota de contenido con formato Looking Ahead...
650 ## - PUNTO DE ACCESO ADICIONAL DE MATERIA--TÉRMINO DE MATERIA
Fuente del encabezamiento o término Tesauro de Arte & Arquitectura
Término de materia o nombre geográfico como elemento de entrada ARTE
650 ## - PUNTO DE ACCESO ADICIONAL DE MATERIA--TÉRMINO DE MATERIA
Fuente del encabezamiento o término Tesauro de Arte & Arquitectura
Término de materia o nombre geográfico como elemento de entrada MUSEO
650 ## - PUNTO DE ACCESO ADICIONAL DE MATERIA--TÉRMINO DE MATERIA
Fuente del encabezamiento o término Tesauro de Arte & Arquitectura
Término de materia o nombre geográfico como elemento de entrada MoMA
650 ## - PUNTO DE ACCESO ADICIONAL DE MATERIA--TÉRMINO DE MATERIA
Fuente del encabezamiento o término Tesauro de Arte & Arquitectura
Término de materia o nombre geográfico como elemento de entrada CULTURA
651 ## - PUNTO DE ACCESO ADICIONAL DE MATERIA--NOMBRE GEOGRÁFICO
Fuente del encabezamiento o término Tesauro de Arte & Arquitectura
Nombre geográfico NEW YORK
942 ## - ELEMENTOS DE ENTRADA SECUNDARIOS (KOHA)
Fuente del sistema de clasificación o colocación Clasificación Decimal Dewey
Tipo de ítem Koha Libros
Parte de la signatura que corresponde a la clasificación (Parte de la clasificación) 700
Parte de la signatura que identifica el ejemplar (Parte del ítem) H225m
Suprimir en OPAC No
Holdings
Estatus retirado Estado de pérdida Fuente del sistema de clasificación o colocación Especificación de materiales (volumen encuadernado u otra parte) Estado de daño No para préstamo Colección Biblioteca de origen Biblioteca actual Fecha de adquisición Enumeración/cronología de publicación seriada Número de inventario Total de préstamos Signatura topográfica completa Código de barras Visto por última vez Precio de reemplazo Tipo de ítem Koha
    Clasificación Decimal Dewey 1993     Revistas Biblioteca LadoV Biblioteca LadoV 12/07/2023 SUMMER 003065   700 H225m 003065 12/07/2023 12/07/2023 Libros